[Event "Linares Anibal op 08th"]
[Site "Linares"]
[Date "2001.01.12"]
[Round "5"]
[White "Sulskis, Sarunas"]
[Black "Holmsten, Aleksei"]
[Result "1-0"]
[WhiteElo "2501"]
[BlackElo "2435"]
[Annotator "Gershon,A"]
[PlyCount "51"]
[EventDate "2001.01.08"]
[EventType "swiss"]
[EventRounds "11"]
[EventCountry "ESP"]
[SourceTitle "CBM 081"]
[Source "ChessBase"]
[SourceDate "2001.03.20"]
[SourceVersion "1"]
[SourceVersionDate "2001.03.20"]
[SourceQuality "1"]

1. e4 {Bangiev} c5 2. Nf3 Nc6 3. Bb5 g6 4. Bxc6 dxc6 5. d3 Bg7 6. h3 Nf6 7. Nc3
O-O (7... Nd7 8. Be3 b6 9. Qd2 e5 (9... h6 10. O-O e5 11. a3 Ba6 12. b4 Qe7 13.
Nh2 c4 14. d4 Rd8 15. Rad1 Nf6 16. Qc1 O-O 17. Rfe1 Kh7 18. Nf3 exd4 19. Bxd4
Bc8 20. e5 Nd5 21. Ne4 $14 {1-0 Gormally,D-Quinn,M/York ENG 2000/The Week in
Chess 320 (62)}) 10. Bh6 O-O 11. O-O-O Re8 12. g4 Nf8 13. Ne2 a5 14. Rdg1 Bf6
15. Bg5 Ne6 16. Bxf6 Qxf6 17. Rg3 Rd8 18. g5 Qg7 19. Nh2 Nf8 $1 $11 {[%cal
Gc8g4] 1/2-1/2 Bologan,V-Anand,V/New Delhi IND 2000/The Week in Chess 317 (27)}
) 8. Be3 {Bangiev: '/\Qd2' Bangiev: 'Weiss soll hier bestrebt sein, die
Angriffsziele auf den schwarzen Felder - u.a. den Bauern c5 - anzugreifen.'}
Nd7 (8... b6 {Bangiev} 9. Qd2 Re8 10. Bh6 Bh8 (10... e5 11. O-O Nd7 12. Nh2 Nf8
13. Bxg7 Kxg7 14. f4) 11. Ng5 e5 12. O-O-O Nh5 13. Ne2 f6 14. Nf3 Be6 15. Kb1 {
1-0 Yemelin,V-Mitrofanov,A/Tula 1999/(62)}) 9. Qd2 b5 $2 {I keep the opinion
that black should stablize the position in the center, preventing white from
developing an an attck on the king and only then to start pushing the Q side
pawns along with piece pressure in the center.} (9... e5 $142 10. h4 (10. Bh6
Bxh6 11. Qxh6 f6 12. O-O-O Rf7 13. Qe3 b6 14. Nh2 Nf8 15. f4 exf4 16. Qxf4 Ne6
17. Qe3 Nd4 18. Nf3 Be6 19. Rhf1 Nxf3 20. Rxf3 Qd4 21. Qe1 Rd8 22. Kb1 Kg7 23.
Ne2 Qe5 24. Re3 Rfd7 $15 {1/2-1/2 Brodsky,M-Bogachkov,I/St Petersburg RUS 2000/
The Week in Chess 314 (41)}) (10. O-O Qe7 (10... Re8 11. Nh2 Qe7 12. Bh6 Bh8
13. Ng4 Nf8 14. Bg5 f6 15. Nh6+ Kg7 16. Be3 Ne6 17. Ne2 Ng5 18. Ng4 h5 19. Nh2
Rd8 20. Qc3 Ne6 21. f4 Nd4 22. Rae1 Kh7 23. Nf3 Be6 24. fxe5 fxe5 25. Ng5+ $14
{1-0 Adams,M-Kramnik,V/Dortmund GER 2000/The Week in Chess 296 (50)}) 11. Rae1
Rd8 12. b3 Nf8 13. Nh2 Ne6 14. Ng4 Nf4 15. f3 h5 16. Nh2 Be6 17. Ne2 g5 18. Ng3
Kh7 19. Nf5 Bxf5 20. exf5 Qd7 21. Bxc5 Qxf5 22. Be3 Rd7 $11 {1-0 Skripchenko,
A-Stankovic,M/Kragujevac YUG 2000/The Week in Chess 320 (47)}) 10... h5 11. Ng5
Qe7 12. f3 Re8 13. O-O-O Nf8 14. Qf2 b6 15. Rdg1 f5 16. g3 Bd7 17. Re1 Nh7 18.
Bd2 Qf8 19. Rhf1 Nxg5 20. Bxg5 Qf7 21. Qg1 c4 22. dxc4 Qxc4 23. Qe3 Bf8 24. Qe2
$11 {1-0 Van Mil,J-Koch,T/BL2 0001 2001/Chess-International (43)}) 10. Bh6 {
Bangiev: 'Der Abtausch des Bg7, soll logischerweise den Angriff des
Anziehenden auf den schwarzen Feldern unterstützen.'} e5 (10... Nb6 {A bit too
optimistic... Although white's attack does not succeed too often, black
shouldn't completely ignore it.} 11. h4 b4 12. Bxg7 Kxg7 13. Ne2 Bg4 14. h5
Bxf3 15. hxg6 hxg6 16. Qh6+ Kf6 17. gxf3 Rh8 18. Qf4+ Kg7 19. O-O-O $16 {
1-0 Kalegin,E-Khamidulin,A/St Petersburg 1996/CBM 56 ext (27)}) 11. a4 $1 {
This is the reason why black shouldn't hurry with Q pawn advances, now the
white knight gets a very delicious square on 'c4', making black's position
unpleasant.} b4 {[%csl Rc4]} (11... a6 {Bangiev} 12. Bxg7 Kxg7 13. O-O Rb8 14.
b3 {/\Nh2 gefolgt von f4.}) 12. Nd1 b3 $2 {black doesn't want to let white
close all his plans on the Q side with b2-b3 and, therefore, decides to sac a
pawn. it was better to keep it though, because now, aside of the extra pawn,
white has another weakness to play against is he wishes: the 'c' file. Bangiev:
'Schwarz versucht damit ein Angriffsziel im Lager des Weissen zu schaffen,
schwächt aber die schwarzen Felder.'} (12... Re8 $142 13. Bxg7 Kxg7 14. b3 (14.
Ne3 {Bangiev} Ba6 15. b3 {/\Nh2 gefolgt von f4.}) 14... Nf8 15. Ne3 f6 {
black is worse, but has a very defendable position}) 13. Bxg7 Kxg7 14. cxb3 f6
15. Ne3 Qb6 16. Qc3 Rb8 17. Ra3 {White wants to keep the knight on f3, keeping
the option of sacking on e5 if the black N moves. However, this P defence is
too awkward to be good} ({The natural move would be:} 17. Nd2) 17... Ba6 (17...
Qb4 $142 18. O-O Qxc3 19. bxc3 Ba6 20. Nc4 Rfd8 21. Rd1 Nb6 $44 {[%csl Ra3]})
18. O-O Rfd8 {Bangiev: '/\ Nf8-e6-d4'} (18... Qb4 19. Rc1 $16) 19. Rc1 Nf8 $2 {
Falling into the trap behind Ra3 Bangiev: 'Ein lehrreicher Fehler. Schwarz
soll den strategisch wichtigen Punkt e5 immer fest kontrollieren.'} (19... Qb4
$5 {Bangiev} 20. Ne1 Rb7 (20... Nf8 21. Qxc5) 21. Nc4 $14) 20. Nxe5 $1 {
'+-!' Bangiev.} fxe5 21. Qxe5+ Kg8 (21... Kf7 22. Ng4 Nd7 23. Nh6+ Kf8 24. Qh8+
Ke7 25. Qxh7+ Kd6 26. Nf7+ Kc7 27. Nxd8 Rxd8 28. Qxg6 $18 {A bit funny
position!}) 22. Ng4 h5 23. Nh6+ Kh7 24. Nf7 g5 (24... Nd7 25. Ng5+ Kh6 26. Qe7
$18) 25. Qh8+ Kg6 26. Ne5# 1-0

[Event "EU-ch 2nd"]
[Site "Ohrid"]
[Date "2001.06.14"]
[Round "13"]
[White "Czebe, Attila"]
[Black "Volzhin, Alexander"]
[Result "1-0"]
[WhiteElo "2502"]
[BlackElo "2528"]
[Annotator "Gershon,A"]
[PlyCount "55"]
[EventDate "2001.06.01"]
[EventType "swiss"]
[EventRounds "13"]
[EventCountry "YUG"]
[SourceTitle "CBM 084"]
[Source "ChessBase"]
[SourceDate "2001.09.13"]
[SourceVersion "1"]
[SourceVersionDate "2001.09.13"]
[SourceQuality "1"]

{[%mdl 32768]} 1. e4 c5 2. Nf3 Nc6 3. Bb5 g6 4. Bxc6 bxc6 5. O-O Bg7 6. Re1 Nh6
7. d3 {A new approach. White's idea is to play slowly. However, black is too
solid in the center to have any problems. I believe white has to look for an
advantage in the c3-d4 line.} ({the main move here is:} 7. c3 O-O 8. h3 $5 {
White wants to see how black wants to develop his pieces and react accordingly}
(8. d4 cxd4 9. cxd4 d5 (9... d6 10. Bd2 f6 11. Qc1 Nf7 12. Qxc6 Bg4 13. Qc3 Qb6
14. Qb3 Qa6 $44 {0-1 Komliakov,V-Grigoryan,K/Istanbul 2000/EXT 2001 (29) black
got a very strong compensation}) 10. e5 Bg4 (10... f6 11. e6 (11. Qa4 Qb6 12.
exf6 exf6 13. b3 Bg4 14. Ba3 Rfc8 15. Bc5 Qb7 16. Nbd2 a6 17. Qa5 Qb5 18. Qc3
Re8 19. Rac1 Bd7 20. a4 Qb7 21. b4 $14 {1/2-1/2 Minasian,A-Vokarev,S/Ubeda ESP
2001/The Week in Chess 325 (53)}) 11... Qd6 12. Qe2 a5 13. b3 Nf5 14. Ba3 Qf4
15. Nc3 Nxd4 16. Nxd4 Qxd4 17. Na4 Qa7 18. Bc5 Qc7 19. Bd4 $44 {[%csl Rc8,Rg7]
[%cal Ga4c5] 1-0 McShane,L-Yakovich,Y/Stockholm SWE 2000/The Week in Chess 322
(40)}) 11. Nbd2 Nf5 (11... Qb6 12. h3 Bxf3 13. Nxf3 c5 14. Bg5 cxd4 15. Qd2 Nf5
16. g4 f6 17. exf6 exf6 18. Bf4 Nd6 19. Qxd4 Qxd4 20. Nxd4 Ne4 21. Ne6 Rf7 22.
Rad1 $16 {1-0 Pavasovic,D-Echavarria,J/Istanbul 2000/EXT 2001 (63)}) 12. h3
Bxf3 13. Nxf3 e6 14. b3 Qa5 15. Bg5 h6 16. Qd2 Qxd2 17. Bxd2 a5 18. Rec1 Ra6
19. Rc5 a4 20. b4 $14 {0-1 Turov,M-Rotstein,A/Halkida 2000/EXT 2001 (71)}) 8...
e5 {the most principal. Black forces maximum opening of lines and diagonals
for his B.} (8... f6 9. d4 cxd4 10. cxd4 d6 11. Nc3 g5 12. Nh2 {[%cal Gh2f1,
Gf1e3]} Qe8 13. d5 c5 14. g4 Nf7 15. Nf1 h5 16. Ng3 hxg4 17. hxg4 $13 {1/2-1/2
Hracek,Z-Velimirovic,D/Novi Sad 2000/EXT 2001 (36)}) 9. d4 {White must play
this move if he wants to fight for an advantage.} exd4 10. cxd4 cxd4 11. Nxd4
f6 $142 ({after} 11... Re8 {[%cal Gd8f6]} 12. Nc3 Rb8 13. Rb1 {the N on h6
looks real ugly}) (11... f5 $6 {black must get his N into the game. However,
it seems to me that black underestimated white's 13th move after which black's
position begin to look dubious. In my opinios it would be better to wait with
f5} 12. Bxh6 Bxh6 13. e5 $1 Qb6 (13... Bg7 14. Na3 {[%cal Ga3c4]} Rb8 15. Nc4
Ba6 16. Qa4 Bxc4 17. Qxc4+ Kh8 18. b3 $36) 14. Na3 Ba6 15. Qa4 Rae8 16. Rad1
$14 {[%csl Rg8] 0-1 Rublevsky,S-Sakaev,K/St Petersburg 2001/CBM 82_01/[Gershon]
(23)}) 12. Nc3 Nf7 13. Bf4 Re8 $11) (7. e5 O-O 8. Nc3 d6 9. d3 Rb8 10. Rb1 f6
11. exd6 exd6 12. d4 cxd4 13. Nxd4 Qb6 14. Be3 Qa6 15. Qf3 d5 16. Qg3 $11 {
1/2-1/2 Speelman,J-Reinderman,D/Mondariz 2000/CBM 79 no vc (24)}) (7. Nc3 O-O
8. Qe2 d6 9. h3 Bd7 10. d3 Rb8 11. Nd1 f6 12. d4 $6 (12. c3 $142) 12... cxd4
13. Qc4+ Nf7 14. Nxd4 Qc8 15. Be3 c5 16. Ne2 Rb4 17. Qd3 Ne5 $17 {0-1 Aurehl,
B-Handke,F/Stockholm SWE 2000/The Week in Chess 321 (24)}) 7... O-O 8. Nbd2 e5
9. Nc4 d6 10. c3 f5 11. Qa4 Qc7 12. Qa5 Qd7 13. Qa4 Rb8 {white's plan is to
play a3-b4, after which the 'a' will open.Therefore, keeping the R on a8 would
make more sence} (13... Qc7 $11) 14. a3 Nf7 15. b4 cxb4 (15... fxe4 16. dxe4 d5
$2 {doesn't work} 17. exd5 cxd5 18. Qxd7 Bxd7 19. Ncxe5 Nxe5 20. Nxe5 Rbe8 21.
f4 $16) 16. axb4 fxe4 $2 {Black goes for a very dubious pawn sac} (16... Rb7 $2
17. Be3 f4 18. Bxa7 g5 19. Nb6 Qc7 20. Nxc8 Rxc8 21. Qa5 $16) (16... a6 $142
17. exf5 (17. Be3 $2 f4 18. Nb6 $4 (18. Bc1) 18... Qc7 19. Nxc8 fxe3 $19) (17.
Qa5 Rb5 18. Qa2 c5 $11) 17... gxf5 $13) 17. dxe4 {[%csl Ra7,Rd6]} Qe6 18. Qxa7
Bb7 (18... Rb7 19. Qa2 d5 20. exd5 cxd5 21. Na5 (21. Ne3 Rd7) 21... Rc7 22. Bb2
$16 {[%cal Ga1d1] I don't see enough compensation for the pawn}) 19. Qa2 d5 20.
Na5 Ba8 21. Be3 Nd6 22. Bc5 $16 Rf4 23. Bxd6 Qxd6 24. Nb3 Rbf8 25. Nc5 Kh8 (
25... Rxf3 26. gxf3 Bh6 27. Nd3 $18) 26. Ng5 $1 R4f6 27. Qa7 $18 h6 28. Nce6 $1
(28. Nce6 Rxe6 29. Nf7+ Rxf7 30. Qxf7 $18 {[%csl Ra8]}) 1-0

[Event "ROM-ch"]
[Site "Iasi"]
[Date "1999.12.20"]
[Round "8"]
[White "Ardeleanu, Alin"]
[Black "Grigore, George Gabriel"]
[Result "0-1"]
[WhiteElo "2409"]
[BlackElo "2526"]
[Annotator "Gershon,A"]
[PlyCount "84"]
[EventDate "1999.12.13"]
[EventType "tourn"]
[EventRounds "15"]
[EventCountry "ROU"]
[EventCategory "9"]
[SourceTitle "CBM 075"]
[Source "ChessBase"]
[SourceDate "2000.04.05"]
[SourceVersion "1"]
[SourceVersionDate "2000.04.05"]
[SourceQuality "1"]

1. e4 c5 2. Nf3 Nc6 3. Bb5 g6 4. O-O Bg7 5. c3 Nf6 6. Re1 O-O 7. d4 d5 8. e5
Ne4 9. Bxc6 bxc6 10. Nbd2 cxd4 11. cxd4 Bf5 (11... c5 12. dxc5 Nxc5 (12... Bg4
$2 13. Nb3 Rc8 14. Qd4 f6 15. exf6 Bxf6 16. Ne5 Bxe5 17. Qxe5 Nxc5 18. Nxc5
Rxc5 19. Be3 Rc4 20. Bd4 $18 {[%csl Gg8][%cal Gd4h8] 1-0 Rozentalis,E-Muir,A/
Batumi GEO 1999 (27)}) 13. Nb3 Nxb3 (13... Ne4 14. Bf4 f6 15. exf6 $2 (15. Qd4
$142) 15... Bxf6 16. Bc7 $6 Qd7 17. Be5 Bxe5 18. Nxe5 Qd6 19. Qd4 Nxf2 20. Rf1
Rf5 21. Rae1 Ne4 $17 {1-0 Oral,T-Babula,V/Olomouc 1997/CBM 61 (33)}) (13... Na4
14. Nfd4 Qb6 15. Rb1 Bd7 16. Bg5 Rfe8 17. Qd2 Rac8 18. Bh6 Bh8 19. h4 Rc4 20.
h5 Qb4 21. Qe3 e6 22. Red1 Qb8 23. Re1 Qb6 24. Bg5 Rb4 25. h6 Nc5 26. Nxc5 Qxc5
27. Red1 $14 {1/2-1/2 Zahariev,Z-Kotronias,V/Ano Liosia 1997/EXT 98 (87)}) 14.
Qxb3 Re8 (14... a5 15. Nd4 Qd7 16. Bd2 e6 17. a4 Ba6 18. Qg3 Rfb8 19. b3 Bf8
20. Rec1 Bb4 21. Bxb4 Rxb4 22. Nc6 Rb6 23. Nxa5 d4 24. Qf4 Qd5 25. Rc7 $18 {
0-1 Pedzich,D-Oral,T/Loewenstein 1997/CBM 58 ext (36)}) 15. Bf4 (15. Qb4 a5 16.
Qh4 Rb8 17. Nd4 Qb6 18. b3 Bd7 19. Bd2 h6 20. Nf3 g5 {1/2-1/2 Kveinys,A-Van
der Wiel,J/Koszalin 1998/CBM 65 ext (20)}) 15... e6 16. Bg5 Qa5 17. Rac1 Ba6
18. Bd2 Qb5 19. Qxb5 Bxb5 20. Nd4 Reb8 21. b3 Be8 22. f4 Bf8 23. Rc7 a5 24. a4
$14 {1/2-1/2 Ardeleanu,A-Rogozenko,D/Lasi ROM 1999/The Week in Chess 270 (33)})
12. Nf1 (12. Nb3 a5 13. Be3 a4 14. Nc5 Nxc5 15. dxc5 Bg4 16. Bd4 Qd7 17. h3 Bf5
18. Bc3 Qc7 19. Nd4 Bc8 20. f4 Bh6 21. f5 Bxf5 22. Nxf5 gxf5 23. Qh5 Bg7 24.
Qxf5 e6 25. Qh5 $13 {1-0 Belkhodja,S-Stranjakovitch,J/Paris 1992/EXT 97 (33)})
12... f6 13. exf6 exf6 14. Ng3 Nxg3 $146 (14... Bg4 15. Nxe4 dxe4 16. Rxe4 f5
17. Re3 Bxf3 18. Rxf3 Qxd4 19. Rd3 Qc4 {1/2-1/2 Kveinys,A-Lanka,Z/Zillertal
1993/EXT 98 (19)}) 15. hxg3 Qb6 {Black's weakness on c6 is compensated by a
pair of bishops which have a potential of becoming very effective, and the
fact that white himself has to keep an eye on his pawn on d4.} 16. b3 Rfe8 17.
Ba3 $2 {[%mdl 16384]} (17. Be3 {I prefer this move over the text since it
doesn't let black control the 'c1-h6'/^ which will limit drastically white's
monouevering and prevent him from organizing pressure along the 'c' file.} Bf8
18. Nh4 (18. Rc1 Ba3 19. Rc3 Bb4 $19) 18... Bc8 19. Qc2 $14) 17... Bh6 {
[%csl Gc1][%cal Gh6c1]} 18. Be7 (18. Bc1 Bf8 $15) 18... Kf7 19. Bc5 Qa6 {
[%cal Gf5b1,Gh6c1]} 20. g4 $6 {There is something of desperation in this move}
(20. a4 Rxe1+ 21. Nxe1 Re8 $17) 20... Bxg4 21. Ne5+ fxe5 22. Qxg4 e4 23. Qh4 (
23. Qd7+ Kg8 $17 {[%cal Ga6c8]}) 23... Bg7 24. Re3 ({of course not:} 24. Qxh7
$4 Rh8) 24... Kg8 25. Rh3 h6 26. Qg4 g5 (26... Kh7 27. Rg3 g5 28. Qf5+ Kh8 29.
Qg6 {Would have given white some compensation}) 27. f4 {[%csl Ge4][%cal Ge4e1]
While trying to create chances white is creating more andmore positional
weaknesses.} (27. Qf5 Qc8 28. Qg6 Re6 $19) 27... Qc8 $1 28. f5 (28. Qg3 $5 Qf5
29. Rf1 (29. fxg5 Qxg5 30. Qxg5 hxg5 31. Rg3 Bf6 32. Rf1 Kg7 $17) 29... Re6 (
29... e3 30. fxg5 Qxg5 31. Qxg5 hxg5 32. Re1 e2 33. Kf2 Re4 34. Rxe2 Bxd4+ 35.
Bxd4 Rf8+ 36. Ke1 Rxd4 37. Rh6 c5 38. Rg6+ $11) 30. Rh5 (30. fxg5 Qxg5 31. Qxg5
hxg5 32. Rf5 Bf6 $17) 30... Qf7 31. Qg4 Rf6 $17) 28... Rf8 29. Rf1 Rf7 30. Rh5
Qd8 31. Qh3 Qf6 32. Kh1 Re8 33. g4 e3 $1 {Balck is drawing white's attention
to the passed pawn thus opening the position and exploit white's out-of-play
rook on h5} 34. Re1 e2 35. Qf3 Bf8 $1 {[%csl Gd4]} 36. Bxf8 Kxf8 37. Rxe2 Rfe7
38. Rxe7 Qxe7 {[%csl Gh5]} 39. Kg2 (39. Qf2 Qe4+ 40. Kh2 (40. Qg2 Qf4 $19)
40... Qxg4 41. Rxh6 Re2 $19) 39... Qe1 40. Rxh6 Re2+ 41. Kh3 Re3 42. Rf6+ Kg7
0-1

[Event "ESP-ch Semifinal"]
[Site "Cala Mendia"]
[Date "2001.11.22"]
[Round "1.1"]
[White "Illescas Cordoba, Miguel"]
[Black "San Segundo Carrillo, Pablo"]
[Result "1-0"]
[WhiteElo "2577"]
[BlackElo "2528"]
[Annotator "Gershon,A"]
[PlyCount "91"]
[EventDate "2001.11.22"]
[EventType "k.o."]
[EventRounds "4"]
[EventCountry "ESP"]
[SourceTitle "CBM 086"]
[Source "ChessBase"]
[SourceDate "2002.02.05"]
[SourceVersion "1"]
[SourceVersionDate "2002.02.05"]
[SourceQuality "1"]

1. e4 c5 2. Nf3 Nc6 3. Bb5 g6 4. Bxc6 dxc6 5. d3 Bg7 6. h3 Nf6 7. Nc3 Nd7 8.
Be3 e5 9. Qd2 (9. O-O {is slightly worse, since it gives up on the possibility
of long castle.} Qe7 10. Qd2 Nf8 11. a3 Ne6 12. Ne2 O-O 13. Bh6 Bxh6 14. Qxh6
f6 15. Qe3 Bd7 16. c3 Rad8 17. Rad1 b6 18. Rfe1 Kg7 {1/2-1/2 Svetushkin,
D-Chernov,V/Kishnev MDA 2001/The Week in Chess 364 (26)}) 9... Qe7 (9... h6 10.
O-O-O Qe7 11. Nh2 Nf8 12. f4 exf4 13. Bxf4 Ne6 14. Be3 b5 15. Nf3 Nd4 16. Qf2
Ne6 17. e5 O-O 18. Ne4 c4 19. dxc4 bxc4 20. Qd2 $16 {1-0 Miroshnichenko,
E-Calistri,T/Paris FRA 2001/The Week in Chess 351 (41)}) 10. Bh6 Bxh6 (10...
O-O 11. Nh2 Rd8 12. Ng4 Nf8 13. Bxg7 Kxg7 14. Qh6+ Kg8 15. O-O-O c4 16. dxc4
Bxg4 17. hxg4 Qc5 18. f3 Qxc4 19. Rxd8 Rxd8 20. Qg5 Re8 21. Qe3 $14 {1-0 Adams,
M-Chandler,M/Southend ENG 2001/The Week in Chess 337 (65)}) (10... f6 11. Bxg7
Qxg7 12. Qe3 b6 13. a3 a5 14. O-O O-O 15. Nh2 Bb7 16. f4 Rae8 17. fxe5 Nxe5 18.
Rf2 Qd7 19. Raf1 Kg7 20. Ne2 Qd8 21. Qd2 Qd6 22. Qc3 Ba6 23. b3 Rf7 24. Rb1 Rd8
25. Nf1 Qe7 26. Rd1 Bc8 27. Ne3 Ba6 28. Nf4 Re8 29. Rb1 Qd6 30. Ne2 Ree7 31. b4
cxb4 32. axb4 axb4 33. Rxb4 b5 34. Rb1 Bc8 35. d4 Nd7 36. Ng3 Nb6 37. Rf3 Kg8
38. Rd1 Ra7 39. e5 Ra3 40. Qb2 Na4 41. Qc1 Qf8 42. exf6 b4 43. Rdf1 Nc3 44. Nc4
Ba6 45. Nxa3 Bxf1 46. Qxf1 bxa3 47. Rxc3 a2 48. Qa1 Ra7 49. Rf3 Qf7 50. Ne4 Qd5
51. f7+ Kf8 52. Nf6 {1-0 Gallagher,J-Shaw,J/Scarborough HUN 2001/The Week in
Chess 353 (52)}) 11. Qxh6 f6 12. Nd2 (12. Nh4 $5 Nf8 13. O-O Qf7 14. f4 exf4
15. Rxf4 Nd7 16. e5 Qf8 17. Qxf8+ Rxf8 18. exf6 g5 19. Re4+ Kd8 20. Nf3 $14 {
1/2-1/2 Sulskis,S-Estremera Panos,S/Lisbon POR 2001/The Week in Chess 356 (75)}
) (12. Nh2 Nf8 13. f4 exf4 14. Qxf4 Ne6 15. Qh6 Nd4 16. O-O-O Be6 17. Rhf1 Rf8
18. Qh4 O-O-O 19. Ng4 Bxg4 20. Qxg4+ {1/2-1/2 Arkhipov,S-Vladimirov,E/Abu
Dhabi UAE 2001/The Week in Chess 356 (20)}) 12... Nf8 13. f4 exf4 14. Qxf4 Ne6
15. Qf2 Nd4 16. Nf3 $146 {An improvement on Iordachescu's Nb3. The N is much
better placed on f3 than on b3} (16. Nb3 Qe5 17. O-O O-O 18. Rae1 Be6 19. Kh1
Rad8 20. Nxd4 Qxd4 21. Qg3 Qe5 22. Qf2 b6 {1/2-1/2 Iordachescu,V-San Segundo
Carrillo,P/Ohrid MKD 2001/The Week in Chess 345 (22).}) 16... Qd6 17. O-O-O Be6
18. Ne2 Nxe2+ 19. Qxe2 O-O-O 20. Kb1 Qg3 21. Rhf1 {[%csl Rf6]} Rhe8 22. b3 Kb8
$2 {wasting the oportunity to equalize the game.} (22... f5 $142 $11) 23. Qf2
Qxf2 24. Rxf2 f5 $6 {and now it would be better not to push the pawn} (24...
Bc8 25. Rdf1 $14) 25. Ng5 fxe4 26. Nxe4 {Now black is either losing a pawn or
is getting an extremly passive position.} Bf5 (26... b6 27. Nf6 Re7 (27... Rf8
28. Re1 (28. Rdf1 {[%csl Rf8,Rh7][%cal Gf6d7]} Rf7) 28... Bc8 29. Re7 $16) 28.
Re1 Rd6 29. Rfe2 $16) 27. Nxc5 Re5 28. Na4 h5 29. Nc3 $16 c5 30. Kc1 Kc7 31.
Rg1 $1 {[%cal Gg2g4]} (31. Kd2 Rde8 32. Re2 {would be another possibility, but
Illescas find a much stronger plan}) 31... h4 32. Rf4 Rh8 33. Kd2 Rh5 (33... g5
{would weaken the 'f5' square} 34. Rf2 {[%csl Rf5][%cal Gg1f1,Gf1f8]}) 34. Rgf1
Kc6 35. a4 b6 36. Nd1 {[%cal Gd1e3]} a6 37. Ne3 Kc7 38. d4 (38. Nxf5 $143 gxf5
{would create thecnical problems}) 38... cxd4 39. Rxd4 Be6 40. Rf6 $18 {
the rest is easy} g5 41. Rg6 Rh7 42. Nc4 Rd5 43. Rxd5 Bxd5 44. Ne3 Be4 45. Rxg5
Rd7+ 46. Kc3 1-0